Propuesta de un sistema de control de asistencia para el personal docente del colegio “Santa Rosa de Lima” en la Ciudad de Jinotepe, Carazo
El presente trabajo Monográfico contempla el desarrollo e implementación de un sistema basado en tecnología Web, que permita el almacenamiento, seguimiento y verificación de los datos dentro de un sistema de control de asistencia docente al aula de clases.
| Main Authors: | , |
|---|---|
| Other Authors: | |
| Format: | Tesis Section = Libro |
| Language: | Undetermined Spanish |
| Published: |
Managua, Nicaragua
UNI
2018
|
| Subjects: |
| LEADER | 01219nam a2200277Ia 4500 | ||
|---|---|---|---|
| 008 | 240830s9999 xx 000 0 und d | ||
| 040 | |a BIBLIOTECA-RUSB/ Mon 005.362 T137 | ||
| 041 | |a spa | ||
| 082 | |a Mon 005.362 T137 | ||
| 100 | 1 | |a Talavera Zepeda, Warrent Alexander | |
| 100 | 1 | |b Salina Urtecho, Jorge Jesús | |
| 245 | 1 | 0 | |a Propuesta de un sistema de control de asistencia para el personal docente del colegio “Santa Rosa de Lima” en la Ciudad de Jinotepe, Carazo |
| 260 | |a Managua, Nicaragua |b UNI |c 2018 | ||
| 300 | |a 119 p. :il. | ||
| 500 | |a Contiene: CD. | ||
| 502 | |a Tesis (Ingeniero en Computación) - UNI, 2018. | ||
| 520 | 3 | |a El presente trabajo Monográfico contempla el desarrollo e implementación de un sistema basado en tecnología Web, que permita el almacenamiento, seguimiento y verificación de los datos dentro de un sistema de control de asistencia docente al aula de clases. | |
| 650 | 7 | |a SISTEMA DE CONTROL | |
| 650 | 7 | |b REGISTRÓ DE USUARIOS | |
| 650 | 7 | |c REGISTRO DE DATOS – ASISTENCIA | |
| 650 | 7 | |d SISTEMA AUTOMATIZADO | |
| 650 | 7 | |e LENGUAJE DE PROGRAMACIÓN | |
| 700 | 1 | |a Tutor: |b Prado Delgadillo, Jorge Jesús | |
| 942 | |c BK |2 ddc | ||
| 991 | |a TESIS | ||
| 999 | |c 19729 | ||